| 000 | 00535nam a22001817a 4500 | ||
|---|---|---|---|
| 003 | BD-DhUIB | ||
| 005 | 20260518202225.0 | ||
| 008 | 260518b |||||||| |||| 00| 0 eng d | ||
| 020 | _a9781787383401 | ||
| 040 |
_aBD-DhUIB _cBD-DhUIB |
||
| 082 | _222 | ||
| 100 |
_aTokayama, Fumihiko. _91126 |
||
| 245 |
_aThe last and longest mile : _byohei sasakawas struggle to eliminate leprosy/ _cby Fumihiko Takayama. |
||
| 260 |
_aLondon. _bHurst and company. _cc1988 |
||
| 300 |
_axiv, 268p : _billus. ; _c24cm. |
||
| 526 | _aMBA | ||
| 942 |
_2ddc _cBK |
||
| 999 |
_c715 _d715 |
||